Disparity of infrastructure in Assam: An inter-district study (Record no. 98602)

000 -LEADER
fixed length control field 00501pab a2200169 454500
008 - FIXED-LENGTH DATA ELEMENTS--GENERAL INFORMATION
fixed length control field 180718b2012 xxu||||| |||| 00| 0 eng d
100 ## - MAIN ENTRY--PERSONAL NAME
Personal name Adhyapok, Prodip Kumar
245 ## - TITLE STATEMENT
Title Disparity of infrastructure in Assam: An inter-district study
260 ## - PUBLICATION, DISTRIBUTION, ETC.
Date of publication, distribution, etc. 2012
300 ## - PHYSICAL DESCRIPTION
Extent p.118-129.
650 ## - SUBJECT ADDED ENTRY--TOPICAL TERM
Topical term or geographic name entry element Infrastructure development - India - Assam
650 ## - SUBJECT ADDED ENTRY--TOPICAL TERM
Topical term or geographic name entry element Infrastructure development
700 ## - ADDED ENTRY--PERSONAL NAME
Personal name Ahmed, Abdur Rashid
773 ## - HOST ITEM ENTRY
Main entry heading Indian Journal of Regional Science
908 ## - PUT COMMAND PARAMETER (RLIN)
Put command parameter N
909 ## -
-- 98603
Holdings
Withdrawn status Lost status Damaged status Not for loan Permanent Location Current Location Date acquired Serial Enumeration / chronology Barcode Date last seen Price effective from Koha item type
        Indian Institute of Public Administration Indian Institute of Public Administration 2018-07-19 Volume no: 44, Issue no: 2 AR99063 2018-07-19 2018-07-19 Articles

Powered by Koha